The availability, use and management potentials of mungongo (Ricinodendron Rautanenii Schinz) (Record no. 35360)

MARC details
000 -LEADER
fixed length control field 00627nam a2200145 a 4500
008 - FIXED-LENGTH DATA ELEMENTS--GENERAL INFORMATION
fixed length control field 120416s1983 xx |||||||||||||| || u
050 ## - LIBRARY OF CONGRESS CALL NUMBER
Classification number THESIS/POSTGRADUATE
100 ## - MAIN ENTRY--PERSONAL NAME
Personal name Chimbelu, Elliot G
245 14 - TITLE STATEMENT
Title The availability, use and management potentials of mungongo (Ricinodendron Rautanenii Schinz)
Statement of responsibility, etc. Phd thesis
246 ## - VARYING FORM OF TITLE
Title proper/short title a case study of the Southern Shungu Region, Zambia
260 ## - PUBLICATION, DISTRIBUTION, ETC.
Place of publication, distribution, etc.
Name of publisher, distributor, etc. State University of New York, Syracuse
Date of publication, distribution, etc. 1983
350 ## - PRICE (NR) (BK AM CF MU VM SE) [OBSOLETE]
Price 0.00
650 ## - SUBJECT ADDED ENTRY--TOPICAL TERM
Topical term or geographic name entry element FORESTRY
995 ## - RECOMMENDATION 995 [LOCAL, UNIMARC FRANCE]
-- 0.00
-- CBU-MAIN LIBRARY (Kitwe)
-- 1
-- 0.00
-- AVAILABLE
-- University Collection
Holdings
Withdrawn status Lost status Source of classification or shelving scheme Damaged status Not for loan Home library Current library Shelving location Date acquired Total Checkouts Full call number Barcode Date last seen Price effective from Koha item type
          CBU-MAIN LIBRARY, KITWE. CBU-MAIN LIBRARY, KITWE.   11/30/2022   THESIS/POSTGRADUATE 9004620 11/30/2022 11/30/2022 MONOGRAPH